| 000 | 01515nam0a22003131 4500 | ||
|---|---|---|---|
| 001 | v19\rc\1741042 | ||
| 005 | 20260406142105.0 | ||
| 035 | _a(NLR Aleph) 005248183 | ||
| 090 |
_a5776039 _c5776039 |
||
| 100 | _a20061204d1902 |||y0rusy50 ca | ||
| 101 | 0 | _arus | |
| 102 | _aRU | ||
| 105 | _aa z |||a| | ||
| 200 | 1 |
_aПропавшая грамота _aЗаколдованное место _e[Повести] _eИл. изд. _fН.В. Гоголь _gС рис. А. Васнецова, А. Маковского и Ф. Райляна |
|
| 210 |
_aСанкт-Петербург _cНар. польза _d1902 |
||
| 215 |
_a23 с. _cил. _d20 |
||
| 532 | 1 | 3 | _aПропавшая грамота |
| 700 | 1 |
_8rus _7ca _aГоголь _bН. В. _f1809-1852 _gНиколай Васильевич _3RU\NLR\AUTH\773480 _9113476 |
|
| 702 | 1 |
_4440 _8rus _7ca _aВаснецов _bА. М. _cхудожник _f1856-1933 _gАполлинарий Михайлович _3RU\NLR\AUTH\7768568 _951496 |
|
| 702 | 1 |
_4440 _8rus _7ca _aМаковский _bА. В. _cхудожник _f1869-1924 _gАлександр Владимирович _3RU\NLR\AUTH\7782473 _965401 |
|
| 702 | 1 |
_4440 _8rus _7ca _aРайлян _bФ. Р. _cхудожник _f1870-1930 _gФома Родионович _3RU\NLR\AUTH\7783313 _966241 |
|
| 801 | 0 |
_aRU _bNLR _c20061204 _gpsbo |
|
| 801 | 0 |
_aRU _bRuMoRGB _c20061204 _2psbo |
|
| 801 | 1 |
_aRU _bProSoft-M _c20061204 _2rusmarc |
|
| 801 | 2 |
_aRU _bNLR _c20091201 _2rusmarc |
|
| 852 |
_aNLR _j34.83.4.127 |
||
| 942 | _cBOOK | ||
| 980 | _aNB | ||